000 nam a22 7a 4500
999 _c8141
_d8141
008 171129b xxu||||| |||| 00| 0 eng d
100 _aNCERT
_94578
245 _aReader for Pleasure
260 _aNew Delhi
_bNCERt
_c2008